| 000 | 00621nam a2200217 a 4500 | ||
|---|---|---|---|
| 001 | 5101 | ||
| 003 | CDMR | ||
| 005 | 20131007104454.0 | ||
| 008 | 130130s1977||||||||||||||||||||||||||||d | ||
| 020 | _a8473640756 (o.c.) | ||
| 040 |
_aCDMR _bcat _cCDMR |
||
| 245 | 3 | _aLa vida barcelonesa a través de La Vanguardia | |
| 260 |
_aBarcelona _bClub de Vanguardia |
||
| 260 |
_bEuros _b1977-1979 |
||
| 300 | _a3 v. | ||
| 505 | _aConté: 1.- 1900-1917 ; 2.- 1918-1930 ; 3.- 1931-1936 | ||
| 610 | 2 |
_91150 _aLa Vanguardia (Diari) |
|
| 650 | 0 | 4 |
_93298 _aBarcelona (Catalunya) |
| 650 | 0 | 4 |
_93117 _aDiaris _zCatalunya |
| 942 |
_cMON _2udc |
||
| 999 |
_c5101 _d5101 |
||